Online
Catalog

La cancelación de la deuda pública dominicana / (Record no. 16254)

MARC details
000 -CABECERA
campo de control de longitud fija 00644nam a2200169 a 4500
001 - NÚMERO DE CONTROL
campo de control 000016722
005 - FECHA Y HORA DE LA ÚLTIMA TRANSACCIÓN
campo de control 20200929164943.0
008 - DATOS DE LONGITUD FIJA--INFORMACIÓN GENERAL
campo de control de longitud fija 100310s1950 dr 000 0 spa d
040 ## - FUENTE DE LA CATALOGACIÓN
Centro catalogador/agencia de origen DO-SdBNP
Lengua de catalogación spa
Centro/agencia transcriptor BNPHU
082 ## - NÚMERO DE LA CLASIFICACIÓN DECIMAL DEWEY
Número de clasificación xxx
Número de documento/Ítem C215d
049 ## - FONDOS LOCALES (OCLC)
Fondos de biblioteca BNPD
111 2# - ENTRADA PRINCIPAL--NOMBRE DE CONGRESO/REUNIÓN
Nombre de congreso/reunión o jurisdicción como elemento de entrada Conferencia, La cancelación de la deuda pública dominicana
Fecha del congreso/reunión (1950 jul. 17 :
Sede del congreso/Lugar de la reunión Santo Domingo)
9 (RLIN) 37091
245 13 - MENCIÓN DE TÍTULO
Título La cancelación de la deuda pública dominicana /
Mención de responsabilidad, etc. José E. García Aybar.
260 ## - PUBLICACIÓN, DISTRIBUCIÓN, ETC.
Lugar de publicación, distribución, etc. Ciudad Trujillo, República Dominicana :
Nombre del editor, distribuidor, etc. Montalvo
-- Publicaciones del Partido Dominicano,
Fecha de publicación, distribución, etc. 1950.
300 ## - DESCRIPCIÓN FÍSICA
Extensión 19 p. ;
Dimensiones 24 cm.
700 1# - PUNTO DE ACCESO ADICIONAL--NOMBRE DE PERSONA
Nombre de persona García Aybar, José E.
9 (RLIN) 36120
Holdings
Estado de retiro Estado de pérdida Restricciones de uso No para préstamo Código de colección Localización permanente Ubicación/localización actual Ubicación en estantería Fecha de adquisición Número de inventario Total de préstamos Signatura topográfica completa Código de barras Fecha visto por última vez Número de copia Precio válido a partir de Tipo de ítem Koha
        Dominicana de Servicio General General En catalogación 10.03.2010 LF1   xxx C215d 16722-30 25.06.2020 e. 3 25.06.2020 Libro y Folleto Colección Dominicana de Servicio
  Extraviado     Dominicana de Servicio General General Extraviado 03.05.2011 LF1   xxx C215d 16722-40 25.06.2020 e. 4 25.06.2020 Libro y Folleto Colección Dominicana de Servicio
  Extraviado     Dominicana de Servicio General General Extraviado 03.05.2011 LF1   xxx C215d 16722-50 25.06.2020 e. 5 25.06.2020 Libro y Folleto Colección Dominicana de Servicio
      Excluido de préstamo Patrimonio Dominicano Patrimonio Dominicano Patrimonio Dominicano En catalogación 10.03.2010 LF1   xxx C215d 16722-10 25.06.2020   25.06.2020 Libro y Folleto Colección Patrimonio Dominicano
      Excluido de préstamo Patrimonio Dominicano Patrimonio Dominicano Patrimonio Dominicano En catalogación 10.03.2010 LF1   xxx C215d 16722-20 25.06.2020 e. 2 25.06.2020 Libro y Folleto Colección Patrimonio Dominicano

Powered by Koha